000 00290nam a2200121Ia 4500
005 20251222154403.0
008 251222s9999||||xx |||||||||||||| ||spa||
082 _a711.985/J66
100 _aGabriel Ramón Joffré
245 0 _aLa Muralla y los Callejones
264 _bSidea
942 _cLIB
999 _c35372
_d35372